| 000 | 00789nam a2200217 i 4500 | ||
|---|---|---|---|
| 001 | 133912 | ||
| 003 | ES-MaACL | ||
| 005 | 20231229062546.0 | ||
| 007 | t| | ||
| 008 | 070903s1957 sp ||||1| spa d | ||
| 100 | 1 |
_aWallace, Edgar. _9115946 |
|
| 245 | 1 | 0 |
_aNovelas de intriga / _cEdgar Wallace ; introducción de F. S. R. |
| 260 |
_aMadrid : _bAguilar, _c1957. |
||
| 300 |
_a1174 p. : _bil. ; _c18 cm. |
||
| 490 | 1 | _aEl lince astuto | |
| 505 | 8 | _aEl misterio de la vela doblada ; La puerta de las siete cerraduras ; El vagabundo del norte ; El hombre del hotel Carlton ; El hombre del antifaz blanco | |
| 700 | 1 |
_aSainz de Robles, Federico Carlos, _d1898-1982 _9101593 |
|
| 830 | 0 |
_aEl lince astuto _9186549 |
|
| 852 |
_aES-MaACL _jP-785 (1) _bR.41224 |
||
| 999 |
_c133912 _d133912 |
||